| 000 | 01122nam a22004330a 4500 | ||
|---|---|---|---|
| 001 | PT42515 | ||
| 003 | AR-LpoUNG | ||
| 005 | 20210131230921.0 | ||
| 008 | 191001s2010||||ag |||||||||||||||||spa d | ||
| 020 |
_a9789502317311 _c$6 |
||
| 040 |
_aAR-LpoUNG _bspa _cAR-LpoUNG _eaacr |
||
| 041 | _aspa | ||
| 044 | _aag | ||
| 082 | 0 | _a417.7 238reg | |
| 100 | 1 |
_aNarvaja de Arnoux, Elvira _ecomp. |
|
| 245 | 1 | 3 | _aLa regulación política de las prácticas lingüísticas |
| 250 | _a1ra. ed. | ||
| 260 |
_aBuenos Aires : _bEudeba, _c2010. |
||
| 300 |
_a397 p. : _bil. |
||
| 650 | 4 | _aAMERICA LATINA | |
| 650 | 4 | _aANALISIS HISTORICO | |
| 650 | 4 | _aARGENTINA | |
| 650 | 4 | _aARGENTINA | |
| 650 | 4 | _aASPECTOS ECONOMICOS | |
| 650 | 4 | _aCULTURA | |
| 650 | 4 | _aEDUCACION | |
| 650 | 4 | _aESTADO | |
| 650 | 4 | _aIDENTIDAD CULTURAL | |
| 650 | 4 | _aLINGUISTICA | |
| 650 | 4 | _aMEDIOS DE COMUNICACION | |
| 650 | 4 | _aPOLITICA | |
| 650 | 4 | _aPOLITICA LINGUISTICA | |
| 650 | 4 | _aSOCIEDAD | |
| 651 | 4 | _aAmérica Latina | |
| 653 | _aANALISIS DEL DISCURSO | ||
| 700 | 1 |
_aBein, Roberto _ecomp. |
|
| 905 | _a42515 | ||
| 942 | _cLIB | ||
| 999 |
_c6881 _d6881 |
||